Sports Quiz

Random Sports or Country Quiz

FIFA Puskas Players Quiz Stats

 Plays Quiz not verified by Sporcle

Challenge
Share
Tweet
Embed
Score 0/80 Timer 08:00
0 Plays Today
Country Player % Correct
PortugalCristiano Ronaldo
95.8%
SpainAndres Iniesta
79.2%
ArgentinaLionel Messi
79.2%
ArgentinaLionel Messi
79.2%
ArgentinaLionel Messi
79.2%
ArgentinaLionel Messi
79.2%
ArgentinaLionel Messi
79.2%
BrazilNeymar
66.7%
BrazilNeymar
66.7%
BrazilNeymar
66.7%
BrazilNeymar
66.7%
BrazilNeymar
66.7%
SpainFernando Torres
62.5%
HollandArjen Robben
58.3%
SwedenZlatan Ibrahimovic
58.3%
SwedenZlatan Ibrahimovic
58.3%
SwedenZlatan Ibrahimovic
58.3%
EnglandWayne Rooney
45.8%
TogoEmmanuel Adebayor
41.7%
ColombiaJames Rodriguez
41.7%
VenezuelaDaniuska Rodriguez
41.7%
GhanaMichael Essien
37.5%
BrazilGrafite
33.3%
ColombiaRadamel Falcao
29.2%
SpainDiego Costa
25%
SerbiaDejan Stankovic
20.8%
AustraliaTim Cahill
20.8%
WalesHal Robson Kanu
20.8%
South AfricaSiphiwe Tshabalala
16.7%
ArgentinaLisandro Lopez
16.7%
SlovakiaMiroslav Stoch
16.7%
SenegalMoussa Sow
16.7%
ItalyAntonio Di Natale
16.7%
HollandRobin Van Persie
16.7%
ItalyAlessandro Florenzi
16.7%
FrancePhilippe Mexes
16.7%
ArgentinaCarlos Tevez
16.7%
TurkeyHamit Altintop
12.5%
FranceSamir Nasri
12.5%
SerbiaNemanja Matic
12.5%
Country Player % Correct
MexicoGiovani Dos Santos
8.3%
MexicoJulio Gomez
8.3%
FranceHatem Ben Arfa
8.3%
GreecePanagiotis Kone
8.3%
SwitzerlandPajtim Kasami
8.3%
SpainSaul Niguez
8.3%
BrazilNilmar
4.2%
South AfricaKatlego Mphela
4.2%
SwedenLinus Hallenius
4.2%
HollandGiovanni Van Bronckhorst
4.2%
GhanaEmmanuel Agyemang Badu
4.2%
IrelandStephanie Roche
4.2%
BrazilWendell Lira
4.2%
EnglandDavid Ball
4.2%
UruguayChory Castro
4.2%
USACarli Lloyd
4.2%
SpainMario Gaspar
4.2%
IsraelEliran Atar
0%
MexicoLuis Angel Landin
0%
Northern IrelandMatty Burrows
0%
JapanKumi Yokoyama
0%
BelgiumBenjamin De Ceulaer
0%
USAHeather O'Reilly
0%
FranceEric Hassli
0%
MexicoOlivia Jimenez
0%
BoliviaGaston Mealla
0%
DenmarkPeter Ankersen
0%
AustraliaLisa De Vanna
0%
FranceLouisa Cadamuro
0%
ArgentinaDaniel Luduena
0%
UruguayJuan Manuel Olivera
0%
MexicoMarco Fabian
0%
BrazilCamilo Sanvezzo
0%
JapanHisato Sato
0%
CameroonMarcel Ndjeng
0%
Costa RicaEsteban Ramirez
0%
MalaysiaMohd Faiz Subri
0%
BrazilMarlone
0%
South AfricaHlompho Kekana
0%
FinlandSimon Skrabb
0%

You're not logged in!

Compare scores with friends on all Sporcle quizzes.
Join for Free
OR
Log In

You Might Also Like...

Show Comments

Extras

Top Quizzes Today


Score Distribution

Your Account Isn't Verified!

In order to create a playlist on Sporcle, you need to verify the email address you used during registration. Go to your Sporcle Settings to finish the process.

Report this User

Report this user for behavior that violates our Community Guidelines.

Details: